• 首页
  • 本馆介绍
  • 公告通知
  • 最新文献
  • 馆藏检索
  • 电子资源
  • 读者导购
  • 参考咨询
  • 我的图书馆
  • 登录
  • 详细信息显示
  • 放入我的书架
  • 预约/预借图书
  • 作者相关作品
  • 分类相关作品
  • 丛书相关作品
  • 出版社相关作品

书目信息

  • 表格格式
  • 工作单格式
  • 卡片格式
题名:
笑林广记
    
 
作者: ;国学经典文库编委会 编
分册:  
出版信息: 成都   四川美术出版社  2019
页数: 21,290页
开本: 23cm
丛书名: 国学经典文库
单 册:
中图分类: I276.8
科图分类:
主题词: 笑话--xiao hua--作品集--中国--古代
电子资源:
ISBN: 978-7-5410-7744-9
000 01326oam2 2200253 450
001 2157975032
005 20211011172911.0
010    @a978-7-5410-7744-9@dCNY39.80
100    @a20190510d2019 em y0chiy50 ea
101 0  @achi
102    @aCN@b510000
105    @aa z 000dy
106    @ar
200 1  @a笑林广记@Axiao lin guang ji@f国学经典文库编委会编
210    @a成都@c四川美术出版社@d2019
215    @a21,290页@c图@d23cm
225 2  @a国学经典文库@Aguo xue jing dian wen ku
330    @a《国学经典文库》系列丛书收录了几十部我国古代经典著作,这些作品是我们民族传统文化的根基。大力弘扬传统文化,是树立文化自信、增强文化自信、坚定文化自信的重要途径。本系列选题正是在此语境下经过广泛的市场调查而策划的。 《笑林广记》是一部流传久远、影响广泛的通俗笑话总集。它的语言风趣幽默,文字简练生动,形式短小精悍,表现手法也十分成熟。它堪称中国古代文化宝库中的旷世奇珍。此书分十二部,每部皆有其独特主题。一古艳、二腐流、三术业、四形体、五殊禀、六闺风、七世讳、八僧道、九贪吝、十贫窭、十一讥刺、十二谬误。这种分类的方式并非绝对的,而是为了整理并将搜集到的资料加以归类。
461  0 @12001 @a国学经典文库
606 0  @a笑话@Axiao hua@x作品集@y中国@z古代
690    @aI276.8@v5
711 02 @a国学经典文库编委会@Aguo xue jing dian wen ku bian wei hui@4编
801  0 @aCN@b百万庄@c20211006
905    @b1305719-721@dI276.8@e103@f3
    
    笑林广记/国学经典文库编委会编.-成都:四川美术出版社,2019
    21,290页:图;23cm.-(国学经典文库)
    
    
    ISBN 978-7-5410-7744-9:CNY39.80
    《国学经典文库》系列丛书收录了几十部我国古代经典著作,这些作品是我们民族传统文化的根基。大力弘扬传统文化,是树立文化自信、增强文化自信、坚定文化自信的重要途径。本系列选题正是在此语境下经过广泛的市场调查而策划的。 《笑林广记》是一部流传久远、影响广泛的通俗笑话总集。它的语言风趣幽默,文字简练生动,形式短小精悍,表现手法也十分成熟。它堪称中国古代文化宝库中的旷世奇珍。此书分十二部,每部皆有其独特主题。一古艳、二腐流、三术业、四形体、五殊禀、六闺风、七世讳、八僧道、九贪吝、十贫窭、十一讥刺、十二谬误。这种分类的方式并非绝对的,而是为了整理并将搜集到的资料加以归类。
●
相关链接 在E读中查询图书 在五车中查询图书 在当当中查询图书 在豆瓣中查询图书


正题名:笑林广记     索取号:I276.8/103         预约/预借

序号 登录号 条形码 馆藏地/架位号 状态 备注
1 1305719   213057190   第一样本阅览室/ [索取号:I276.8/103] 在馆    
2 1305720   213057207   第二借阅区/ [索取号:I276.8/103] 在馆    
3 1305721   213057216   第二借阅区/ [索取号:I276.8/103] 在馆    
唐山师范学院图书馆 欢迎您!
大连网信软件有限公司© 版权所有